| 000 | 00774nam a2200217Ii 4500 | ||
|---|---|---|---|
| 003 | JO-AjNU | ||
| 008 | 230605s9999||||xx |||||||||||||| ||und|| | ||
| 017 | _a2001/11353 | ||
| 020 | _a977-327-164-1 | ||
| 040 |
_aJO-AjNU _bara _erda _cJO-AjNU |
||
| 041 | _aara | ||
| 050 | 1 | 4 | _aDT107.826 2001 |
| 100 | 3 |
_aالصاوى، محمد, _eauthor _98794 |
|
| 245 | 0 | 0 | _aد. أحمد زويل وثورة التنوير في تاريخ الثقافة المصرية |
| 264 | 3 | 1 | _aالاسكندرية: دار الوفاء لدنيا الطباعة والنشر، 2001 |
| 300 | _a349ص | ||
| 336 |
_atext _btxt _2rdacontent |
||
| 337 |
_aunmediated _bn _2rdamedia |
||
| 338 |
_avolume _bnc _2rdacarrier |
||
| 650 | 4 |
_aثورة التنوير-احمد زويل -مصر-تاريخ _98795 |
|
| 999 |
_aA970 _c4538 _d4538 |
||